000 00471nab a2200145Ia 4500
003 ES-SlBCS
005 20210601131330.0
008 140529s1988 xxu||||| |||| 00| 0 fre d
041 _afre
100 1 _aDavous, Dominique
_9183815
245 0 0 _aÉtude chimie-médecine: les modifications possibles d'un cursus universitaire
_c Dominique Davous
650 0 4 _aQuímica
_9108011
773 0 _tRevue Française de Pedagogie
_gnº. 84, 1988, págs. 21-28
_wRev888
942 _cAR
999 _c561405
_d561405